000 00594nam a2200181 i 4500
001 90177
003 ES-MaACL
007 t|
008 050119s1912 fr ||||1| fre d
100 1 _aLe Dantec, Félix.
_970865
245 1 0 _aContre la metaphysique
_b: questions de méthode /
_cpar Félix Le Dantec.
260 _aParis :
_bFélix Alcan,
_c1912 (
_eCoulommiers :
_fPaul Brodard)
300 _a255 p. ;
_c23 cm.
490 1 _aBibliothèque de philosophie contemporaine
830 0 _aBibliothèque de philosophie contemporaine
_9181027
852 _aES-MaACL
_jB-6327
999 _c90177
_d90177